[Event "Mechanics' Spring TNM; G/2"]
[Site "San Francisco"]
[Date "2015.04.14"]
[Round "5.7"]
[White "Porlares, Teodoro"]
[Black "Byambaa, Uyanga"]
[Result "0-1"]
[WhiteElo "1847"]
[BlackElo "2168"]
[PlyCount "56"]
[EventDate "2015.??.??"]

1. Nf3 Nf6 2. d4 g6 3. g3 Bg7 4. Bg2 O-O 5. O-O d6 6. Nbd2 Nbd7 7. e4 c5 8. c3
Rb8 9. a4 cxd4 10. cxd4 e5 11. d5 Nc5 12. Qc2 a5 13. Nxe5 Nxd5 14. Nxf7 Nb4 15.
Nxd8 Nxc2 16. Rb1 Rxd8 17. b3 Be6 18. Nc4 Bxc4 19. bxc4 Nxa4 20. Bg5 Re8 21.
Rfc1 Nd4 22. Kf1 Nc5 23. f3 a4 24. Bf4 Be5 25. Bd2 a3 26. Bc3 a2 27. Rb6 Ndb3
28. Bxe5 dxe5 0-1

[Event "Mechanics' Summer TNM; G/2"]
[Site "San Francisco"]
[Date "2015.07.14"]
[Round "8.18"]
[White "Porlares, Teodoro"]
[Black "Dupree, Charles"]
[Result "1/2-1/2"]
[WhiteElo "1878"]
[BlackElo "1625"]
[PlyCount "59"]
[EventDate "2015.??.??"]

1. Nf3 c5 2. c4 Nf6 3. Nc3 e6 4. g3 b6 5. Bg2 Bb7 6. O-O d5 7. Ne5 Qc7 8. f4 a6
9. e3 Bd6 10. d4 dxc4 11. Nxc4 Bxg2 12. Nxd6+ Qxd6 13. Kxg2 cxd4 14. Qxd4 Qxd4
15. exd4 Nc6 16. Be3 Nb4 17. Rac1 Nbd5 18. Bg1 Kd7 19. Kf3 h5 20. h3 Rac8 21.
Bf2 Rc7 22. Nxd5 Nxd5 23. Rxc7+ Nxc7 24. Rc1 Nd5 25. Be1 Rc8 26. Rxc8 Kxc8 27.
Ke4 Kd7 28. f5 Kd6 29. fxe6 Kxe6 30. Bd2 1/2-1/2

[Event "Mechanics' Spring TNM; G/2"]
[Site "San Francisco"]
[Date "2015.05.05"]
[Round "8.15"]
[White "Porlares, Teodoro"]
[Black "Everett III, Willard"]
[Result "1-0"]
[WhiteElo "1847"]
[BlackElo "1673"]
[PlyCount "41"]
[EventDate "2015.??.??"]

1. d4 d5 2. e3 c5 3. c3 Nc6 4. f4 Nf6 5. Bd3 Bg4 6. Nf3 e6 7. O-O c4 8. Bc2 b5
9. h3 Bh5 10. Nbd2 h6 11. g4 Bg6 12. Bxg6 fxg6 13. Nh4 Ne7 14. Qc2 g5 15. Ng6
Nxg6 16. Qxg6+ Kd7 17. Nf3 Qe8 18. Ne5+ Ke7 19. fxg5 hxg5 20. Kg2 Kd6 21. Nf7+
1-0

[Event "Mechanics' Summer TNM; G/2"]
[Site "San Francisco"]
[Date "2015.06.30"]
[Round "6.23"]
[White "Porlares, Teodoro"]
[Black "Handler, Andrew"]
[Result "1/2-1/2"]
[WhiteElo "1878"]
[BlackElo "1663"]
[PlyCount "149"]
[EventDate "2015.??.??"]

1. e4 c5 2. Nf3 Nc6 3. c3 d5 4. exd5 Qxd5 5. Be2 Nf6 6. O-O Bf5 7. c4 Qd7 8.
Nc3 e6 9. Nh4 Bg6 10. f4 Be7 11. Kh1 Nd4 12. Bf3 Nxf3 13. Nxf3 O-O 14. Ne5 Qd8
15. Qf3 Rb8 16. d3 Bd6 17. Nxg6 hxg6 18. b3 Bc7 19. Bb2 a6 20. Ne4 Nxe4 21.
dxe4 Qe7 22. Rad1 Rbd8 23. Qc3 f6 24. Qf3 Rxd1 25. Rxd1 Rd8 26. g3 Rxd1+ 27.
Qxd1 Qd6 28. Qe2 Kf7 29. Kg2 Ba5 30. Kf3 Ke7 31. h3 Kd7 32. Ke3 Kc6 33. e5 Qd8
34. exf6 gxf6 35. Kf3 f5 36. Qxe6+ Qd6 37. Qxd6+ Kxd6 38. a4 Kc6 39. g4 Be1 40.
gxf5 gxf5 41. Bf6 Kd6 42. h4 Ke6 43. Bg5 Bc3 44. h5 Kd6 45. Bh6 Ke7 46. Kg3
Be1+ 47. Kh3 Kf7 48. Bg5 Bf2 49. Bh4 Bd4 50. Kg2 Kg7 51. Bg5 Kf7 52. Kh3 Kg7
53. Kg3 Kf7 54. Kf3 Kg7 55. Ke2 Kf7 56. Kd1 Kg7 57. Ke2 Kf7 58. Kd3 Bf6 59.
Bxf6 Kxf6 60. a5 Kg7 61. b4 cxb4 62. c5 Kh6 63. Kc4 Kxh5 64. Kxb4 Kg4 65. c6
bxc6 66. Kc5 Kxf4 67. Kxc6 Ke3 68. Kb6 f4 69. Kxa6 f3 70. Kb7 f2 71. a6 f1=Q
72. a7 Qf7+ 73. Kb8 Qe8+ 74. Kb7 Qd7+ 75. Kb8 1/2-1/2

[Event "Mechanics' Summer TNM; G/2"]
[Site "San Francisco"]
[Date "2015.06.16"]
[Round "4.36"]
[White "Porlares, Teodoro"]
[Black "Harris, Clarence"]
[Result "1-0"]
[WhiteElo "1878"]
[BlackElo "1531"]
[PlyCount "35"]
[EventDate "2015.??.??"]

1. d4 Nf6 2. e3 g6 3. c4 Bg7 4. Nc3 O-O 5. Bd3 d6 6. f4 c5 7. Nf3 cxd4 8. exd4
Bg4 9. O-O Nc6 10. Ne2 Qb6 11. Bb1 e5 12. Kh1 Bxf3 13. Rxf3 e4 14. Rb3 Qc7 15.
Ng3 Rae8 16. Be3 Ng4 17. Qxg4 f5 18. Qd1 1-0

[Event "Mechanics' Spring TNM; G/2"]
[Site "San Francisco"]
[Date "2015.03.24"]
[Round "2.2"]
[White "Porlares, Teodoro"]
[Black "Shaw, Tenzing"]
[Result "0-1"]
[WhiteElo "1847"]
[BlackElo "2255"]
[PlyCount "60"]
[EventDate "2015.??.??"]

1. Nf3 e6 2. d4 Nf6 3. e3 c5 4. c4 d5 5. Bd3 Nc6 6. O-O a6 7. dxc5 Bxc5 8. a3
O-O 9. b4 Ba7 10. Bb2 Qe7 11. Ng5 h6 12. Bxf6 Qxf6 13. Nh7 Qxa1 14. Nxf8 Kxf8
15. Qb3 Qe5 16. b5 dxc4 17. Bxc4 axb5 18. Bxb5 Bd7 19. Rd1 Na5 20. Qb4+ Bc5 21.
Qa4 Bxb5 22. Qxb5 Bd6 23. Qd7 Qxh2+ 24. Kf1 Be7 25. Qd4 Qh1+ 26. Ke2 Qh5+ 27.
f3 Qc5 28. Qf4 Qc2+ 29. Nd2 Rd8 30. a4 Nb3 0-1

[Event "Mechanics' Spring TNM; G/2"]
[Site "San Francisco"]
[Date "2015.04.07"]
[Round "4.15"]
[White "Porlares, Teodoro"]
[Black "Simpkins, Jerry"]
[Result "1-0"]
[WhiteElo "1847"]
[BlackElo "1478"]
[PlyCount "61"]
[EventDate "2015.??.??"]

1. Nf3 d6 2. d4 Bg4 3. g3 Bxf3 4. exf3 Nc6 5. Bg2 e6 6. O-O d5 7. f4 Nge7 8. c3
Nf5 9. Nd2 h5 10. h4 g6 11. Nf3 f6 12. Re1 Qd7 13. Qe2 Kf7 14. b3 Bd6 15. Bb2
Rae8 16. c4 Bb4 17. Red1 b6 18. c5 bxc5 19. a3 Ba5 20. dxc5 Qe7 21. b4 Rb8 22.
Bc3 Rbd8 23. Qb5 d4 24. Bb2 Qd7 25. Ng5+ fxg5 26. Bxc6 Qe7 27. Qc4 Rb8 28. Bxd4
Nxd4 29. Rxd4 Rhd8 30. Rad1 Kg7 31. Rd7 1-0

[Event "Mechanics' Leighton Allen TNM; G/2"]
[Site "San Francisco"]
[Date "2015.09.08"]
[Round "6.3"]
[White "Porlares, Teodoro"]
[Black "Stearman, Josiah P"]
[Result "0-1"]
[WhiteElo "1849"]
[BlackElo "2137"]
[PlyCount "50"]
[EventDate "2015.??.??"]

1. d4 f5 2. g3 Nf6 3. Bg2 g6 4. Nf3 Bg7 5. O-O O-O 6. c3 h6 7. h4 c6 8. Bf4 d6
9. Nbd2 Qc7 10. Nb3 Be6 11. Qd2 Kh7 12. Nc5 Bf7 13. a4 Nbd7 14. Nd3 Rfe8 15.
Nfe1 e5 16. Be3 Nd5 17. Nc2 Nxe3 18. fxe3 d5 19. Kh2 Re7 20. Rf2 Rae8 21. Raf1
Nf6 22. dxe5 Ng4+ 23. Kh3 Nxf2+ 24. Rxf2 Bxe5 25. Rf3 Bd6 {
and Black went on to win. Remaining moves are unavailable.} 0-1

[Event "Mechanics' Leighton Allen TNM; G/2"]
[Site "San Francisco"]
[Date "2015.09.01"]
[Round "5.3"]
[White "Porlares, Teodoro"]
[Black "Wong, Russell"]
[Result "1/2-1/2"]
[WhiteElo "1849"]
[BlackElo "2205"]
[PlyCount "83"]
[EventDate "2015.??.??"]

1. Nf3 Nf6 2. c4 g6 3. d4 Bg7 4. Nc3 O-O 5. g3 c5 6. d5 d6 7. Bg2 a6 8. O-O
Nbd7 9. e4 b5 10. cxb5 axb5 11. Qc2 b4 12. Ne2 Ba6 13. Re1 Ra7 14. Be3 Qb6 15.
h3 Bxe2 16. Qxe2 Rfa8 17. Qc4 Qa6 18. Qc2 Qb5 19. Bf1 Qa4 20. b3 Qa5 21. Bf4
Nh5 22. e5 Qc7 23. Qb2 h6 24. h4 dxe5 25. Bxe5 Nxe5 26. Nxe5 Nf6 27. Bc4 Qd6
28. Qd2 e6 29. Rad1 Rxa2 30. Qf4 exd5 31. Bxd5 Nxd5 32. Qxf7+ Kh7 33. Rxd5 Qf6
34. Qxf6 Bxf6 35. Rd7+ Kg8 36. Nxg6 Ra1 37. Ne7+ Bxe7 38. Rdxe7 {Diagram #} c4
$1 39. bxc4 b3 40. Re8+ Kf7 41. R8e7+ Kf6 42. R7e6+ 1/2-1/2

[Event "Mechanics' Winter TNM; 30/90, SD/30"]
[Site "San Francisco"]
[Date "2015.02.10"]
[Round "6.10"]
[White "Potharam, Eitetsu"]
[Black "Bayaraa, Chinguun"]
[Result "1-0"]
[WhiteElo "1850"]
[BlackElo "2062"]
[PlyCount "53"]
[EventDate "2015.??.??"]

1. d4 d5 2. c4 e6 3. Nc3 c6 4. Nf3 Nf6 5. e3 Be7 6. Qc2 O-O 7. Bd3 Nbd7 8. O-O
Re8 9. c5 Bf8 10. Ne5 g6 11. f4 Bg7 12. b4 Nxe5 13. fxe5 Nd7 14. e4 Qe7 15. Be3
f6 16. exf6 Bxf6 17. e5 Bg5 18. Bxg5 Qxg5 19. Rf3 Nf8 20. Rg3 Qh6 21. Rf1 Re7
22. Nd1 Qh4 23. Qf2 Bd7 24. Qe3 Rg7 25. Rf6 Rf7 {Diagram #} 26. Rh3 Qg4 27. Nf2
1-0

[Event "Mechanics' Winter TNM; 30/90, SD/30"]
[Site "San Francisco"]
[Date "2015.01.20"]
[Round "3.19"]
[White "Potharam, Eitetsu"]
[Black "Gupta, Vishrut"]
[Result "1-0"]
[WhiteElo "1850"]
[BlackElo "1547"]
[Annotator "Donaldson"]
[PlyCount "77"]
[EventDate "2015.??.??"]

1. e4 e5 2. Nf3 Nc6 3. Bb5 Bc5 4. O-O d6 5. h3 (5. c3 $1 Bg4 $2 6. d4 exd4 7.
cxd4 Bxf3 8. gxf3 Bb6 9. d5) 5... Nf6 6. Re1 Bd7 7. c3 O-O 8. d4 Bb6 9. Bg5 Re8
10. d5 (10. Na3 exd4 11. cxd4 h6) 10... Ne7 11. Bxd7 Nxd7 12. Nbd2 f6 13. Be3
Nc5 14. Bxc5 Bxc5 15. b4 Bb6 16. c4 a5 17. a3 Ng6 18. g3 Qd7 19. Kg2 Rf8 20.
Qc2 c5 21. bxc5 Bxc5 22. Nb3 Qa4 23. Qd3 Rfc8 24. Nxc5 Rxc5 25. Nd2 Rac8 (25...
b5) 26. Rab1 R5c7 27. Rb6 Nf8 28. Rxd6 b5 29. cxb5 Rc3 30. Qb1 Qxa3 31. Rc6 Ng6
32. b6 Rb8 33. b7 Ne7 34. Rxc3 Qxc3 35. d6 Qxd2 36. dxe7 Kf7 37. Rc1 Kxe7 38.
Rc7+ Ke6 39. Qb6+ 1-0

[Event "Mechanics' Winter TNM; 30/90, SD/30"]
[Site "San Francisco"]
[Date "2015.01.27"]
[Round "4.18"]
[White "Potharam, Eitetsu"]
[Black "Simpkins, Jerry"]
[Result "1-0"]
[WhiteElo "1850"]
[BlackElo "1478"]
[PlyCount "73"]
[EventDate "2015.??.??"]

1. e4 e5 2. Nf3 d5 3. exd5 e4 4. Qe2 f5 5. d3 Nf6 6. dxe4 fxe4 7. Nc3 Be7 8.
Nxe4 O-O 9. Nxf6+ Bxf6 10. Qc4 Re8+ 11. Be2 b6 12. d6+ Be6 13. Qxc7 Na6 14.
Qxd8 Raxd8 15. O-O Nb4 16. Bf4 Bg4 17. Bc4+ Kh8 18. Ng5 Bxg5 19. Bxg5 Rxd6 20.
Rfe1 Rxe1+ 21. Rxe1 h6 22. Be7 Nxc2 23. Bxd6 Nxe1 24. Bb8 Bd7 25. Bxa7 b5 26.
Be2 Nc2 27. a3 b4 28. axb4 Nxb4 29. Bc5 Nd5 30. b4 g5 31. Bd4+ Kg8 32. Bc4 Be6
33. b5 Nf4 34. b6 Bxc4 35. b7 Ne2+ 36. Kh1 Nxd4 37. b8=Q+ 1-0

[Event "Mechanics' Fall TNM; G/2"]
[Site "San Francisco"]
[Date "2015.12.08"]
[Round "8.16"]
[White "Prince, Lee"]
[Black "Gomboluudev, Enkhjin"]
[Result "0-1"]
[WhiteElo "1600"]
[BlackElo "1416"]
[PlyCount "54"]
[EventDate "2015.??.??"]

1. e4 e5 2. f4 d5 3. exd5 e4 4. Nc3 Nf6 5. d3 Bb4 6. Be3 Nxd5 7. Qd2 exd3 8.
Bxd3 Nc6 9. Nf3 Bg4 10. O-O O-O 11. Rae1 Qd6 12. Qf2 Bxf3 13. Qxf3 Nxe3 14.
Rxe3 Bc5 15. Rd1 Bxe3+ 16. Qxe3 Qf6 17. Ne4 Qxb2 18. Qh3 f5 19. Ng5 h6 20. Bc4+
Kh8 21. Qh5 Qf6 22. Re1 Qd4+ 23. Kh1 Qxc4 24. Ne6 Rf6 25. Nxg7 Kxg7 26. h3 Rd8
27. Qh4 Qxc2 0-1

[Event "Mechanics' Spring TNM; G/2"]
[Site "San Francisco"]
[Date "2015.03.24"]
[Round "2.14"]
[White "Purland, Mathew"]
[Black "Krasnov, Steven"]
[Result "1-0"]
[WhiteElo "1507"]
[BlackElo "2016"]
[Annotator "Donaldson"]
[PlyCount "77"]
[EventDate "2015.??.??"]

1. e4 c5 2. Nc3 Nc6 3. f4 g6 4. Nf3 Bg7 5. Bb5 e6 6. Bxc6 bxc6 7. O-O Ne7 8. d3
Rb8 9. Qe1 d5 10. e5 Qa5 11. Ne4 Qxe1 12. Nd6+ Kf8 13. Rxe1 Nf5 14. Nxf5 gxf5
15. c4 Ke8 16. b3 Rg8 17. Ba3 Bf8 18. cxd5 cxd5 19. Rac1 Ba6 20. Bxc5 Bxc5+ 21.
Rxc5 Bxd3 22. Rc7 (22. Nd4 Be4 23. g3) 22... Be4 23. Kf2 h6 24. Rec1 Kf8 25.
Rxa7 Rg7 26. g3 f6 27. Rxg7 Kxg7 28. Rc7+ Kg6 29. Nh4+ Kh5 30. exf6 Rf8 31. f7
d4 32. a4 Rb8 33. b4 Rxb4 34. f8=Q Rb2+ 35. Ke1 Rb1+ 36. Kd2 Rb2+ 37. Kd1 Rb1+
38. Rc1 Rb2 39. h3 1-0

[Event "Mechanics' Spring TNM; G/2"]
[Site "San Francisco"]
[Date "2015.04.21"]
[Round "6.15"]
[White "Purland, Mathew"]
[Black "Porlares, Teodoro"]
[Result "0-1"]
[WhiteElo "1507"]
[BlackElo "1847"]
[PlyCount "66"]
[EventDate "2015.??.??"]

1. e4 c6 2. d4 d5 3. Nc3 dxe4 4. Nxe4 Bf5 5. Ng3 Bg6 6. Nf3 Nd7 7. Bd3 Bxd3 8.
Qxd3 e6 9. O-O Ngf6 10. Bf4 Be7 11. Rfe1 O-O 12. Be5 Qb6 13. b3 c5 14. Ne4 Nxe5
15. dxe5 Nd5 16. Neg5 g6 17. c4 Nb4 18. Qe4 Kg7 19. Re2 h6 20. Nh3 Rad8 21. Nf4
Qc6 22. Qe3 Rd7 23. a3 Na6 24. h4 Rfd8 25. h5 g5 26. Nh3 g4 27. Qf4 gxf3 28.
Qg4+ Kh7 29. Re4 fxg2 30. Rf4 Bg5 31. Nxg5+ hxg5 32. Qxg5 Rd1+ 33. Kh2 g1=Q+
0-1

[Event "Mechanics' Spring TNM; G/2"]
[Site "San Francisco"]
[Date "2015.04.07"]
[Round "4.14"]
[White "Purland, Mathew"]
[Black "Sarafian, Greg"]
[Result "1-0"]
[WhiteElo "1507"]
[BlackElo "1943"]
[PlyCount "65"]
[EventDate "2015.??.??"]

1. e4 d6 2. d4 Nf6 3. Nc3 Nbd7 4. Nf3 e5 5. dxe5 dxe5 6. a3 c6 7. Bc4 Be7 8.
O-O O-O 9. Be3 Qc7 10. b4 b5 11. Bb3 a5 12. Rb1 axb4 13. axb4 Ne8 14. Ng5 Bxg5
15. Bxg5 Nb6 16. Bd8 Qb7 17. Qh5 Nd7 18. Be7 Nef6 19. Bxf6 Nxf6 20. Qxe5 Re8
21. Qf4 Be6 22. e5 Nd7 23. Bxe6 Rxe6 24. Ne4 Qc7 25. Nd6 Nxe5 26. Nf5 Qb6 27.
Qg5 Ng6 28. h4 Re5 29. h5 f6 30. Qg4 Rxf5 31. Qxf5 Ne5 32. Qe6+ Nf7 33. Rfe1
1-0

[Event "Mechanics' Winter TNM; 30/90, SD/30"]
[Site "San Francisco"]
[Date "2015.02.24"]
[Round "8.38"]
[White "Purland, Matthew"]
[Black "Ayinala, Shankar"]
[Result "0-1"]
[WhiteElo "1464"]
[BlackElo "865"]
[PlyCount "34"]
[EventDate "2015.??.??"]

1. e4 c5 2. Nc3 Nc6 3. f4 e6 4. Nf3 Bd6 5. e5 Bc7 6. Bb5 Nge7 7. O-O O-O 8. Ng5
d6 9. Nxh7 Kxh7 10. Qh5+ Kg8 11. Rf3 Nf5 12. Rh3 Nh6 13. Ne4 dxe5 14. Bxc6 bxc6
15. fxe5 Qd4+ 16. Nf2 Qxe5 17. Qh4 Qe1# 0-1

[Event "Mechanics' Winter TNM; 30/90, SD/30"]
[Site "San Francisco"]
[Date "2015.01.13"]
[Round "2.34"]
[White "Purland, Matthew"]
[Black "Chandrasekaran, Siddarth"]
[Result "1/2-1/2"]
[WhiteElo "1464"]
[BlackElo "1555"]
[PlyCount "55"]
[EventDate "2015.??.??"]

1. e4 e5 2. Nf3 Nc6 3. d4 exd4 4. Bc4 Bc5 5. c3 d6 6. Qb3 Qe7 7. O-O Nf6 8. Bg5
O-O 9. Nbd2 Na5 10. Qa4 Nxc4 11. Qxc4 Be6 12. Bxf6 Qxf6 13. Qd3 dxc3 14. bxc3
Rfe8 15. e5 dxe5 16. Ne4 Qe7 17. Nfg5 Bf5 18. Qf3 Bxe4 19. Nxe4 Bb6 20. Rfe1
Rf8 21. Qh5 h6 22. Ng3 Rae8 23. Re4 Qc5 24. Rf1 Qxc3 25. Nf5 Kh7 26. Nxh6 $5 {
Diagram #} gxh6 $2 (26... Bxf2+ $1 27. Rxf2 (27. Kh1 g6 28. Qe2 Kxh6) (27. Kxf2
Qd2+ 28. Kg1 Qxh6) 27... Qc1+ 28. Rf1 Qxh6) 27. Qf5+ Kh8 28. Qf6+ 1/2-1/2

[Event "Mechanics' Winter TNM; 30/90, SD/30"]
[Site "San Francisco"]
[Date "2015.02.10"]
[Round "6.43"]
[White "Purland, Matthew"]
[Black "Ren, Ling Feng"]
[Result "1-0"]
[WhiteElo "1464"]
[BlackElo "823"]
[PlyCount "109"]
[EventDate "2015.??.??"]

1. e4 e5 2. Nf3 Nc6 3. d4 exd4 4. Bc4 Nf6 5. e5 Qe7 6. O-O Ng4 7. Ng5 Ngxe5 8.
Re1 d5 9. Bxd5 Be6 10. Bxe6 fxe6 11. f4 h6 12. Nxe6 Qxe6 13. fxe5 O-O-O 14. Qe2
Re8 15. Bf4 Bd6 16. Nd2 Bxe5 17. Nf3 Rhf8 18. Bxe5 Rxf3 19. Qxf3 Nxe5 20. Qg3
Qf6 21. Rf1 Qg6 22. Qxg6 Nxg6 23. Rf7 Re7 24. Raf1 Kd7 25. Rxe7+ Kxe7 26. Re1+
Kd6 27. g3 Kd5 28. Kf2 c5 29. Re8 Kd6 30. Rg8 Ke6 31. Rxg7 Ne5 32. Ke2 a5 33.
b3 b5 34. h3 Kd5 35. Rh7 c4 36. Rxh6 cxb3 37. axb3 a4 38. bxa4 bxa4 39. Ra6 Nc4
40. Rxa4 Ne3 41. Kd3 Nf5 42. Ra5+ Ke6 43. Rxf5 Kxf5 44. Kxd4 Kg5 45. c4 Kf6 46.
Kd5 Ke7 47. Kc6 Kd8 48. Kb7 Kd7 49. c5 Ke7 50. c6 Kf7 51. c7 Kg6 52. c8=Q Kf6
53. Qc6+ Ke5 54. Qe8+ Kd4 55. Kc6 1-0

[Event "Mechanics' Winter TNM; 30/90, SD/30"]
[Site "San Francisco"]
[Date "2015.01.27"]
[Round "4.45"]
[White "Purland, Matthew"]
[Black "Stearman, Micah"]
[Result "1-0"]
[WhiteElo "1464"]
[BlackElo "935"]
[Annotator "Donaldson"]
[PlyCount "35"]
[EventDate "2015.??.??"]

1. e4 c5 2. Nc3 Nc6 (2... d6 3. f4 Nc6 4. Nf3 g6 5. Bc4) 3. f4 g6 4. Nf3 Bg7 5.
Bc4 (5. Bb5) 5... Nf6 (5... e6) (5... d6) 6. d3 (6. e5) 6... O-O 7. O-O d6 8.
Qe1 e5 $2 (8... Nd4) (8... e6) 9. fxe5 dxe5 10. Bg5 Nd4 $2 (10... h6) (10...
Be6) 11. Nxd4 cxd4 (11... Qxd4+ 12. Kh1 Nh5 13. Be7) 12. Nd5 b5 13. Nxf6+ Kh8
14. Nxh7 Qd6 15. Qh4 Kg8 16. Nf6+ Bxf6 17. Bxf6 bxc4 18. Qh8# 1-0

[Event "Mechanics' Fall TNM; G/2"]
[Site "San Francisco"]
[Date "2015.11.03"]
[Round "3.16"]
[White "Quang, Danny Kt"]
[Black "Askin, Michael Chr"]
[Result "1-0"]
[WhiteElo "1596"]
[BlackElo "2097"]
[PlyCount "101"]
[EventDate "2015.??.??"]

1. d4 f5 2. Nf3 Nf6 3. e3 e6 4. c4 b6 5. Nc3 Bb7 6. g3 Be7 7. Bg2 O-O 8. O-O
Na6 9. a3 c5 10. b3 Ne4 11. Bb2 Nxc3 12. Bxc3 Bf6 13. Rc1 Rc8 14. Qe2 Nc7 15.
dxc5 bxc5 16. Qb2 Ne8 17. Bxf6 Nxf6 18. Rfd1 Qe8 19. Ne5 Bxg2 20. Kxg2 Rc7 21.
Rd3 Qa8+ 22. Kg1 Rd8 23. Rcd1 Qb7 24. Qe2 Qe4 25. Nf3 Qg4 26. Kg2 Rb8 27. h3
Qe4 28. Kh2 d5 29. cxd5 exd5 30. Nd2 Qe6 31. Nf3 Rcb7 32. Qc2 Qe7 33. R1d2 h6
34. Ng1 a5 35. a4 Rb4 36. f3 c4 37. bxc4 Rxc4 38. Rc3 Qb4 39. Rxc4 Qxc4 40. Ne2
Rb3 41. Qxc4 dxc4 42. Rc2 Rxe3 43. Nd4 c3 44. Nxf5 Rd3 45. Kg1 Nd5 46. Kf2 Nb4
47. Ke2 Rxf3 48. Kxf3 Nxc2 49. Ke2 Nb4 50. Nd6 g5 51. Nc4 {
Both scoresheets stop here. Black later blundered and lost.} 1-0

[Event "Mechanics' Fall TNM; G/2"]
[Site "San Francisco"]
[Date "2015.11.17"]
[Round "5.19"]
[White "Quang, Danny Kt"]
[Black "Gerwin, Gene"]
[Result "0-1"]
[WhiteElo "1596"]
[BlackElo "1822"]
[PlyCount "88"]
[EventDate "2015.??.??"]

1. d4 b6 2. Nf3 Bb7 3. c4 f5 4. Nc3 Nf6 5. g3 g6 6. Bg2 Bg7 7. Qc2 O-O 8. O-O
e6 9. Bg5 h6 10. Bxf6 Qxf6 11. e3 d6 12. Rac1 a6 13. Nd2 Bxg2 14. Kxg2 Nd7 15.
f4 c5 16. Nf3 Rfc8 17. Qe2 Qf7 18. b3 Re8 19. dxc5 dxc5 20. e4 Bxc3 21. Rxc3 e5
22. fxe5 Nxe5 23. Nxe5 Rxe5 24. Qd2 Rxe4 25. Qxh6 Rae8 26. Rcf3 Qe6 27. R3f2 b5
28. cxb5 axb5 29. Qc1 c4 30. bxc4 bxc4 31. Rc2 Kf7 32. Rf4 Rxf4 33. Qxf4 Qe4+
34. Qxe4 Rxe4 35. Kf3 Ke6 36. h3 Kd5 37. Rd2+ Kc5 38. g4 c3 39. Rd8 Kc4 40.
gxf5 gxf5 41. a4 c2 42. a5 Kc3 43. a6 c1=Q 44. Rc8+ Rc4 0-1

[Event "Mechanics' Fall TNM; G/2"]
[Site "San Francisco"]
[Date "2015.10.20"]
[Round "1.11"]
[White "Quang, Danny Kt"]
[Black "Pan, Hongkai"]
[Result "0-1"]
[WhiteElo "1596"]
[BlackElo "2091"]
[PlyCount "72"]
[EventDate "2015.??.??"]

1. d4 d5 2. Nf3 c6 3. e3 Bf5 4. Bd3 Nh6 5. Bxf5 Nxf5 6. Qd3 g6 7. Nbd2 Bg7 8.
c3 O-O 9. e4 dxe4 10. Nxe4 e5 11. Be3 b5 12. O-O Nxe3 13. Qxe3 exd4 14. cxd4
Nd7 15. Qb3 Nb6 16. Rfd1 Re8 17. Nc3 a5 18. a3 Ra7 19. Qc2 a4 20. Rab1 Rd7 21.
Ne2 Nc4 22. Rd3 Qb6 23. Rbd1 Qa7 24. h3 c5 25. dxc5 Rxd3 26. Rxd3 Bxb2 27. c6
Qc5 28. Ned4 Rc8 29. Kh1 Bxa3 30. Rxa3 Qxa3 31. Nxb5 Qa1+ 32. Kh2 Rxc6 33. Qe4
Qf6 34. Nfd4 Rc8 35. Qb7 Qf4+ 36. Kg1 Nd6 0-1

[Event "Mechanics' Fall TNM; G/2"]
[Site "San Francisco"]
[Date "2015.12.08"]
[Round "8.25"]
[White "Quang, Danny Kt"]
[Black "Stearman, Micah"]
[Result "1-0"]
[WhiteElo "1596"]
[BlackElo "1077"]
[PlyCount "63"]
[EventDate "2015.??.??"]

1. d4 d5 2. Nf3 Nc6 3. e3 g6 4. c4 Nf6 5. Nc3 e6 6. Bd3 Bg7 7. O-O O-O 8. a3
Re8 9. cxd5 exd5 10. Qc2 Bg4 11. Nd2 a6 12. Na4 b5 13. Nc5 Nd7 14. h3 Nxc5 15.
Qxc5 Be6 16. Qxc6 Bd7 17. Qxd5 c6 18. Qf3 Rc8 19. Ne4 Bf5 20. Nc5 Bxd3 21. Nxd3
c5 22. Nxc5 Qd6 23. b4 Qb6 24. Bd2 f5 25. Rac1 Qa7 26. Rc2 Rcd8 27. Rfc1 Ra8
28. Nd3 Re4 29. Rc7 Qb6 30. R1c6 Qb8 31. Nc5 a5 32. Nxe4 1-0

[Event "Mechanics' Winter TNM; 30/90, SD/30"]
[Site "San Francisco"]
[Date "2015.01.06"]
[Round "1.17"]
[White "Raghavan, Arun"]
[Black "Gupta, Vishrut"]
[Result "1-0"]
[WhiteElo "1888"]
[BlackElo "1547"]
[PlyCount "39"]
[EventDate "2015.??.??"]

1. e4 e5 2. Bc4 Bc5 3. Nc3 Nc6 4. Qg4 Qf6 5. Nd5 Qxf2+ 6. Kd1 Nge7 7. Qxg7 Ng6
8. Qf6 O-O 9. Qxf2 Bxf2 10. Nxc7 Rb8 11. Nh3 Bc5 12. Ng5 d6 13. c3 Bg4+ 14. Kc2
a6 15. h3 Rbc8 16. Nxa6 Bxh3 17. Nxc5 Bxg2 18. Rxh7 Nd8 19. Nd7 Rxc4 20. Nf6#
1-0

[Event "Mechanics' Fall TNM; G/2"]
[Site "San Francisco"]
[Date "2015.11.17"]
[Round "5.16"]
[White "Rakonitz, David"]
[Black "Askin, Michael Chr"]
[Result "1/2-1/2"]
[WhiteElo "1628"]
[BlackElo "2097"]
[PlyCount "104"]
[EventDate "2015.??.??"]

1. d4 d5 2. Nf3 Nf6 3. c4 c6 4. Nc3 e6 5. Bg5 h6 6. Bh4 dxc4 7. e4 g5 8. Nxg5
hxg5 9. Bxg5 Be7 10. e5 Nd5 11. Bxe7 Qxe7 12. Bxc4 Nxc3 13. bxc3 Nd7 14. Qg4
Qh4 15. Qxh4 Rxh4 16. g3 Rh8 17. Bf1 b6 18. Bg2 Bb7 19. Kd2 O-O-O 20. Ke3 c5
21. Be4 Rh3 22. Rag1 cxd4+ 23. cxd4 Bxe4 24. Kxe4 Nb8 25. f4 Nc6 26. Rd1 Ne7
27. Rd3 Kb7 28. Rd2 Rc8 29. Re1 Rhh8 30. Ree2 Nd5 31. Rg2 Rc3 32. Rd3 f5+ 33.
exf6 Nxf6+ 34. Ke3 Ng4+ 35. Ke4 Rxd3 36. Kxd3 Rxh2 37. Rxh2 Nxh2 38. Ke4 Kc6
39. Ke5 Kd7 40. d5 Ng4+ 41. Kd4 Nf6 42. dxe6+ Kxe6 43. a4 Nh5 44. f5+ Kd6 45.
g4 Nf6 46. g5 Ne8 47. f6 Ke6 48. f7 Kxf7 49. Kd5 Ke7 50. Kc6 Nd6 51. Kc7 Nc4
52. Kb7 Nb2 1/2-1/2

[Event "Mechanics' Summer TNM; G/2"]
[Site "San Francisco"]
[Date "2015.06.09"]
[Round "3.31"]
[White "Rakonitz, David"]
[Black "Porlares, Teodoro"]
[Result "1-0"]
[WhiteElo "1613"]
[BlackElo "1878"]
[PlyCount "89"]
[EventDate "2015.??.??"]

1. d4 Nf6 2. Nf3 g6 3. c4 Bg7 4. Nc3 O-O 5. e4 d6 6. Bg5 Nbd7 7. Be2 c6 8. b4
c5 9. bxc5 dxc5 10. d5 h6 11. Bxf6 Bxf6 12. Rc1 Qa5 13. Qb3 Ne5 14. Nxe5 Bxe5
15. O-O Qc7 16. Nb5 Bxh2+ 17. Kh1 Qf4 18. g3 Bxg3 19. fxg3 Qxe4+ 20. Qf3 Qe5
21. Rce1 Qg5 22. Qf4 Qxf4 23. Rxf4 a6 24. Nc3 Bd7 25. Bd3 e6 26. Rfe4 Rab8 27.
Kg1 b5 28. dxe6 fxe6 29. Re5 Rf3 30. R5e3 Rf6 31. Ne4 Rf5 32. Nd6 Rf6 33. Re5
Rf3 34. R1e3 Rbf8 35. cxb5 axb5 36. Nxb5 Kg7 37. Nc3 Rf2 38. Re2 Rf1+ 39. Kg2
c4 40. Be4 Rc1 41. Rc2 Re1 42. Rc5 Rff1 43. Rc7 Rg1+ 44. Kf3 Rc1 45. Rxd7+ 1-0

[Event "Mechanics' Leighton Allen TNM; G/2"]
[Site "San Francisco"]
[Date "2015.09.08"]
[Round "6.22"]
[White "Rakonitz, David"]
[Black "Rothman, Ivan"]
[Result "1-0"]
[WhiteElo "1613"]
[BlackElo "1513"]
[Annotator "Donaldson"]
[PlyCount "81"]
[EventDate "2015.??.??"]

1. d4 Nf6 2. Nf3 g6 3. c4 Bg7 4. Nc3 O-O 5. e4 d6 6. Bg5 c6 7. b4 a6 8. a4 Bg4
9. Be2 Nbd7 10. O-O e5 11. d5 h6 12. Be3 Bxf3 13. Bxf3 cxd5 14. Nxd5 Nxd5 15.
Qxd5 Nb6 16. Qd3 f5 17. Be2 f4 18. Bd2 Rc8 19. Rfc1 Rf7 20. a5 Na8 21. Qd5 Qd7
22. h3 Rcf8 $2 {Diagram #} (22... Re8) 23. Bg4 Qe7 24. Be6 Kh8 25. Bxf7 Rxf7
26. f3 g5 27. c5 Rf6 28. Ra3 h5 29. Be1 Rg6 30. Rd3 g4 31. Kh2 (31. cxd6) 31...
gxh3 32. gxh3 Bf6 33. Rc2 Qd8 34. Rg2 Rxg2+ 35. Kxg2 Qe8 36. Kf1 Qd7 37. Kg2
Qg7+ 38. Kh2 Bd8 39. Rd2 Qd7 40. Rg2 Bf6 41. Qg8# 1-0